Lanean...
Patterns of public sector in underdeveloped economics
| Egile nagusia: | |
|---|---|
| Hizkuntza: | English |
| Argitaratua: |
Asia Publishing House
1964
|
| Edizioa: | 1st ed. |
| LEADER | 00506nam a22001577a 4500 | ||
|---|---|---|---|
| 005 | 20151215125424.0 | ||
| 008 | 091207t xxu||||| |||| 00| 0 eng d | ||
| 082 | |a X9W |b K45 | ||
| 100 | |a Sachs, Ignacy |9 6591 | ||
| 245 | |a Patterns of public sector in underdeveloped economics | ||
| 250 | |a 1st ed. | ||
| 300 | |a 196p. | ||
| 942 | |c BK |6 _ | ||
| 260 | |a Asia Publishing House |c 1964 | ||
| 999 | |c 103687 |d 103687 | ||
| 952 | |0 0 |1 5 |2 ddc |4 0 |6 X9W_K45 |7 0 |9 130941 |a SMS |b SMS |c GEN |d 2009-12-07 |o X9W K45 |p SMS000146 |r 2009-12-07 |w 2009-12-07 |y WR | ||